Super Nintendo Games Quiz - Statistics

General Stats
  • This quiz has been taken 62 times
  • The average score is 10 of 15
Answer Stats
Hint Answer % Correct
Mario and Luigi race against 6 other drivers to determine the cup champion Super Mario Kart
94%
Yoshi, the green dinosaur, makes his first appearance in this game Super Mario World
94%
Fox McCloud and three of his arwing buddies fight in this space adventure that was one of the first games to show off the power of the Super FX microchip Star Fox
90%
Samus Aran returns to planet Zebes after space pirate Ridley steals the metroid larva Super Metroid
90%
Diddy Kong makes his first appearance in this game Donkey Kong Country
88%
The third installment to the Legend of Zelda series, released in 1991 (use subtitle only) A Link to the Past
82%
This 1992 release was sold with a mouse and a mouse pad for hours of drawing fun Mario Paint
73%
Shang Tsung is the final boss of this 1993 fighting game Mortal Kombat
71%
Subtitled "The World Warrior", this game kicked off a series of games with the same title but different subtitles (do not include the subtitle) Street Fighter 2
59%
The Statue of Liberty is stolen by Super Krang in this Ninja Turtles classic (use subtitle only) Turtles in Time
55%
Basketball players fly high and rock the rims in this 2-on-2 1993 SNES classic NBA Jam
53%
"Ultra combos" and "Combo breakers" were signature moves in this 1995 SNES fighter Killer Instinct
45%
The caped crusader is back in this video game adaptation of a movie with the same name Batman Returns
41%
The alien wars have begun in this 1992 shoot 'em up sequel by Konami Contra 3
35%
"Mole Patrol" and "Blastris A" were two of the six available sub-games for this shoot 'em up game that came with one of the largest SNES accessories Super Scope 6
22%
No matching quizzes found
Score Distribution
Percent of People with Each Score
Percentile by Number Answered
Your Score History
You have not taken this quiz